| 000 | 00436nam a22001577a 4500 | ||
|---|---|---|---|
| 005 | 20250120134043.0 | ||
| 008 | 250120b |||||||| |||| 00| 0 eng d | ||
| 020 | _a0813304873 | ||
| 050 |
_aJX1952 _bSMO |
||
| 100 | _aSmoke, Richard | ||
| 245 |
_aPaths to Peace; _bexploring the feasibility of sustainable peace |
||
| 260 |
_aLondon _bWestview Press, Inc. _cc1987 |
||
| 300 | _axiv,111p | ||
| 700 | _aHarman, willis | ||
| 942 |
_2lcc _cBK _n0 |
||
| 999 |
_c2725 _d2725 |
||